Eventyr af H.C. Andersen

Podrobná bibliografia
Hlavný autor: Andersen, Hans Christian, 1805-1875 (Autor)
Ďalší autori: Shuttleworth, Cathie (Ilustrátor), Baxter, Nicola (Prekladateľ)
Médium: Kniha
Jazyk:dánčina
Fyzický popis:96 s. 29 cm
Vydavateľské údaje: Kobenhavn Vinten 1999
ISBN:8761204471
Predmet:

MARC

LEADER 00000cam a2200000 a 4500
001 vtls001425478
003 SK-MaSNL
005 20260302001752.0
008 240318s1999 dk a bra 000 j dan
020 |a 8761204471  |c b.c. 
035 |a SNK000380376 
035 |a urn:nbn:sk:snk-amlu0l 
035 |a urn:nbn:sk:snk-am00cdkm 
035 |a CAB03249-437E-4FD9-9634-C9DAA40C59BD 
040 |a SNK  |b slo  |c SNK  |e AACR2 
041 0 |a dan 
044 |a dk  |c DK 
080 |a 839.8-93  |2 1981 
080 |a 839.8-34  |2 1981 
100 1 |a Andersen, Hans Christian,  |d 1805-1875  |4 aut  |9 243296 
245 1 0 |a Eventyr af H.C. Andersen  |c Hans Christian Andersen ; ilustreret af Cathie Shuttleworth ; genfortalt af Nicola Baxter ; genfortalt pa dans af Per Vadmand 
260 |a Kobenhavn  |b Vinten  |c 1999  |e [Martin  |f Neografia] 
300 |a 96 s.  |c 29 cm 
655 7 |a dánske rozprávky  |2 SNKPH  |9 70485 
655 7 |a literatúra pre deti  |2 SNKPH  |9 87135 
700 1 |a Shuttleworth, Cathie  |4 ill  |9 296823 
700 1 |a Baxter, Nicola  |4 trl  |9 65717 
852 |a Slovenská národná knižnica 
919 |a 87-612-0447-1 
958 |a OND 
999 |c 985190  |d 987120 
952 |t P60, <03>, [BOOK], {603}  |a SNK  |b SNK  |y PREZ  |7 0  |p 17A0324918  |o snkSB 64243  |i snkKSP 13768/2001  |0 0  |1 0  |4 0  |d 2001-12-12  |f 1  |l 0  |r 2025-04-17 00:00:00  |w 2026-02-24